000 00559nam a2200205Ia 4500
005 20260429112050.0
008 260429s9999||||xx |||||||||||||| ||und||
020 _a9781835350454
041 _aEnglish
082 _a333.7
_bPEZ
100 _aPezzulo, C
245 0 _aManagement of natural resources :
_bremote sensing and GIS /
_cC Pezzulo
250 _a1st ed.
260 _aLondon :
_bETP ED- Tech Press,
_c2025.
300 _aix, 269 p.; hb
650 _a GIS
650 _a Remote sensing
650 _aNatural resource management
942 _cTB
999 _c52171
_d52171